|
|
|
|
| LEADER |
01201nam a2200397 4500 |
| 001 |
DLU110120836 |
| 005 |
##20110506 |
| 008 |
##711207s1971 enk b 001 0 eng |
| 010 |
# |
# |
|a 76028783
|
| 015 |
# |
# |
|a B71-14354
|
| 020 |
# |
# |
|a 0140442405
|
| 035 |
# |
# |
|9 (DLC) 76028783
|
| 040 |
# |
# |
|a DLC
|c DLC
|d DLC
|
| 041 |
# |
# |
|a englat
|
| 082 |
# |
# |
|a 260
|b ER-D
|
| 100 |
# |
# |
|a Erasmus, Desiderius,
|d d. 1536.
|
| 240 |
# |
# |
|a Moriæ encomium.
|l English
|
| 245 |
# |
# |
|a Praise of folly;
|b and, Letter to Martin Dorp, 1515
|c [by] Eramus of Rotterdam; translated by Betty Radice; with an introduction and notes by A. H. T. Levi.
|
| 260 |
# |
# |
|a Harmondsworth,
|b Penguin,
|c 1971.
|
| 300 |
# |
# |
|a 265 p.
|c 19 cm.
|
| 500 |
# |
# |
|a Translation of Moriæ encomium.
|
| 504 |
# |
# |
|a Bibliography: p. 51.
|
| 650 |
# |
# |
|a Folly
|v Early works to 1800.
|
| 650 |
# |
# |
|a Folly
|x Religious aspects
|x Christianity.
|
| 700 |
# |
# |
|a Erasmus, Desiderius,
|d d. 1536.
|t Letter to Martin Dorp.
|f 1971.
|
| 923 |
# |
# |
|a 01/2011NN
|
| 991 |
# |
# |
|a SH
|
| 992 |
# |
# |
|a 0
|
| 994 |
# |
# |
|a KNN
|
| 900 |
# |
# |
|a True
|
| 911 |
# |
# |
|a Đào Thị Thu Huyền
|
| 925 |
# |
# |
|a G
|
| 926 |
# |
# |
|a A
|
| 927 |
# |
# |
|a SH
|
| 980 |
# |
# |
|a Thư viện Trường Đại học Đà Lạt
|